Score 0/50 Timer 05:00
9 Plays Today
% Correct
Austin
83.6%
Honolulu
82.5%
Phoenix
81.1%
Juneau
80.2%
Sacramento
79.4%
Tallahassee
78.6%
Baton Rouge
78.4%
Olympia
77.5%
Oklahoma City
77.4%
Salt Lake City
77.1%
Santa Fe
76%
Lansing
74.4%
Saint Paul
73.7%
Indianapolis
73.5%
Helena
73.3%
Bismarck
73.2%
Salem
72.3%
Albany
72.2%
Columbus
71.7%
Boise
71.4%
Raleigh
71.3%
Madison
71%
Montgomery
70.9%
Little Rock
70.5%
Harrisburg
69.5%
% Correct
Nashville
68.8%
Carson City
68.7%
Augusta
68.4%
Richmond
68.4%
Jackson
67.9%
Providence
67.4%
Trenton
66.6%
Springfield
66.5%
Denver
66.5%
Pierre
66.3%
Des Moines
66%
Montpelier
65.3%
Hartford
65.2%
Columbia
64.9%
Atlanta
64.6%
Annapolis
62.8%
Dover
62.3%
Boston
61.9%
Lincoln
61.7%
Topeka
60.9%
Frankfort
60.1%
Jefferson City
59.1%
Cheyenne
58.9%
Concord
56.9%
Charleston
52.3%
Remove Ads.
Support Sporcle.
Get the best of Sporcle when you Go Orange. This ad-free experience offers more features, more stats, and more fun while also helping to support Sporcle. Thank you for becoming a member.

You're not logged in!

Compare scores with friends on all Sporcle quizzes.
OR
Log In

Show Comments

Extras

Top Quizzes Today


Score Distribution

Your Account Isn't Verified!

In order to create a playlist on Sporcle, you need to verify the email address you used during registration. Go to your Sporcle Settings to finish the process.

Report this User

Report this user for behavior that violates our Community Guidelines.

Details: